| 000 -LEADER |
| fixed length control field |
00719nam a22002417a 4500 |
| 005 - DATE AND TIME OF LATEST TRANSACTION |
| control field |
20210709063507.0 |
| 008 - FIXED-LENGTH DATA ELEMENTS--GENERAL INFORMATION |
| fixed length control field |
210709s2018 ||||| |||| 00| 0 eng d |
| 020 ## - INTERNATIONAL STANDARD BOOK NUMBER |
| International Standard Book Number |
9780995320826 |
| 040 ## - CATALOGING SOURCE |
| Original cataloging agency |
eng |
| Transcribing agency |
DLC |
| Modifying agency |
eng |
| 041 ## - LANGUAGE CODE |
| Language code of text/sound track or separate title |
eng |
| 080 ## - UNIVERSAL DECIMAL CLASSIFICATION NUMBER |
| Universal Decimal Classification number |
616-053.2 |
| Item number |
T-74 |
| 100 ## - MAIN ENTRY--PERSONAL NAME |
| 9 (RLIN) |
1430 |
| Personal name |
Toole, Janine |
| 245 ## - TITLE STATEMENT |
| Title |
Conversation Skills for Kids with Autism & Asperger's / Six-Minute Social Skills Workbook 1 |
| Statement of responsibility, etc. |
/ by: Happy Frog Press |
| 250 ## - EDITION STATEMENT |
| Edition statement |
1st edition |
| 260 ## - PUBLICATION, DISTRIBUTION, ETC. |
| Place of publication, distribution, etc. |
Middletown, USA |
| Name of publisher, distributor, etc. |
Happy Frog Press |
| Date of publication, distribution, etc. |
2018 |
| 300 ## - PHYSICAL DESCRIPTION |
| Extent |
107 p. |
| 365 ## - TRADE PRICE |
| Price amount |
12.69 usd |
| 650 #0 - SUBJECT ADDED ENTRY--TOPICAL TERM |
| 9 (RLIN) |
117 |
| Topical term or geographic name entry element |
Pediatrics |
| 650 #0 - SUBJECT ADDED ENTRY--TOPICAL TERM |
| 9 (RLIN) |
1431 |
| Topical term or geographic name entry element |
Autism |
| 653 ## - INDEX TERM--UNCONTROLLED |
| Uncontrolled term |
პედიატრია |
| 653 ## - INDEX TERM--UNCONTROLLED |
| Uncontrolled term |
აუტიზმი |
| 942 ## - ADDED ENTRY ELEMENTS (KOHA) |
| Source of classification or shelving scheme |
|
| Koha item type |
Books |
| Edition |
1 |